| 000 | 00518nam a2200181Ia 4500 | ||
|---|---|---|---|
| 003 | GCL | ||
| 008 | 140319s9999 xx 000 0 eng d | ||
| 040 |
_aGCL / _cGCL |
||
| 082 | 0 | 4 |
_a759.92 _bL H |
| 100 | 1 | _aLEVEQUE, JEAN - JACQUES | |
| 245 | 1 | 0 |
_aHENRI FONTIN - LATOUR: UN PEINTURE INTIMISTE 1836 - 1904 / _cLEVEQUE, JEAN - JACQUES |
| 260 |
_a[S.N] : _bACR POCHE COULEUR ، _c1996 |
||
| 300 | _a192 P | ||
| 650 | 0 | 4 | _aARTS |
| 650 | 0 | 4 | _aPAINTERS - BIOGRAPHY |
| 650 | 0 | 4 | _aFANTIN - LATOUR, HENRI |
| 942 |
_2ddc _cBK |
||
| 999 |
_c16096 _d16096 |
||